Microeconomía

Kaydedildi:
Detaylı Bibliyografya
Asıl Yazarlar: Pindyck, Robert S (Yazar), Rubinfeld, Daniel L (Yazar), Beker, Víctor Alberto (Yazar)
Materyal Türü: Kitap
Dil:İspanyolca
Baskı/Yayın Bilgisi: Madrid Pearson Educación 2001
Edisyon:5a. ed
Konular:
Etiketler: Etiketle
Etiket eklenmemiş, İlk siz ekleyin!

MARC

LEADER 00000nam a2200000 a 4500
001 UCL2275
003 CL-VaPUC
008 031017e20010000SP |||||||||||||||||spa|d
020 |a 8420531316 
082 0 4 |a 338.5  |b PIN  |2 21 
100 0 |a Pindyck, Robert S  |e author  |9 479336 
700 0 |a Rubinfeld, Daniel L  |e author  |9 479337 
700 0 |a Beker, Víctor Alberto  |e author  |9 479338 
245 1 0 |a Microeconomía 
250 |a 5a. ed 
300 |a 732 p 
942 |c BK 
945 |d 20031017 00:00:00  |a cmena 
260 |a Madrid  |b Pearson Educación  |c 2001 
650 0 |a Política económica   |9 255029 
650 0 |a Toma de decisiones   |9 257530 
650 0 |a Planificación estratégica   |9 259735 
583 |a last modification  |c 20190731 02:07:09  |k Rodrigo Vera 
999 |c 305624  |d 305622 
952 |0 0  |1 0  |4 0  |6 338_500000000000000_PIN_2001  |7 0  |8 A  |9 369758  |a BIBALI  |b BIBALI  |c RES  |d 2019-11-21  |i 3952797  |o 338.5 PIN 2001  |p 3952797  |r 2025-01-20  |w 2019-11-21  |y BK_R  |k ALI 
952 |0 0  |1 0  |4 0  |6 338_500000000000000_PIN_2001  |7 0  |8 R  |9 369759  |a BIBGIM  |b BIBGIM  |d 2019-11-21  |i 3952878  |l 7  |o 338.5 PIN 2001  |p 3952878  |r 2025-01-15  |s 2023-06-27  |w 2019-11-21  |y BK_R  |k GIM